000 00451nam a2200169Ia 4500
008 180207s9999 xx 000 0 und d
020 _a9781590199275
050 _bS263 2002
100 _aSava, Donna Lynne.
245 _aTeddy bear dreams /
245 _cDonna Lynne Sava ; illustrated by Scott Christian Sava.
260 _aNew York :
260 _bIpicturebooks,
260 _c2002
300 _aunpaged :
300 _bcolor illustration ;
999 _c355065
_d355065